Statistiques concernant Quiz Harry Potter: Les maisons de Poudlard

Cliquez ici pour prendre le quiz!

Statistiques générales

  • Ce quiz a été pris 161 fois
  • Le résultat moyen est 10 sur 15

Statistiques - réponses

QuestionRéponse% Correct
Dans quelle maison était Rubeus Hagrid ?Gryffondor
92%
Dans quelle maison était Rose Weasley ?Gryffondor
87%
Dans quelle maison était Colin Crivey ?Gryffondor
87%
Dans quelle maison était Dolores Ombrage ?Serpentard
87%
Dans quelle maison était Albus Severus Potter ?Serpentard
76%
Dans quelle maison était Katie Bell ?Gryffondor
74%
Dans quelle maison était Nymphadora Tonks ?Poufsouffle
72%
Dans quelle maison était Sibylle Trelawney ? ?Serdaigle
65%
Dans quelle maison était Gilderoy Lockhart ?Serdaigle
65%
Dans quelle maison était Quirinus Quirrell ?Serdaigle
64%
Dans quelle maison était Ernie McMillan ?Poufsouffle
61%
Dans quelle maison était Ollivander ?Serdaigle
60%
Dans quelle maison était Ted Lupin ?Poufsouffle
54%
Dans quelle maison était Rita Skeeter ?Serpentard
50%
Dans quelle maison était Andromeda Tonks ?Serpentard
50%

Distribution des résultats

Percentile par nombre de réponses

% des personnes avec chaque résultat

Votre développement - résultats

Vous n’avez pas pris ce quiz